| 000 | 00825cab a2200241 4500 | ||
|---|---|---|---|
| 001 | WB3231-56 | ||
| 008 | 090401t1996 xxu||||| |||| 00| 0 eng d | ||
| 035 | _a(Sirsi) u69703 | ||
| 041 | _aeng | ||
| 245 | _aHousing act - right to buy | ||
| 260 | _c1996 | ||
| 350 | _a0 | ||
| 490 |
_aEstates Gazette Case Summaries _v[1996] EGCS 140, (1) (10/8/96) |
||
| 520 | _a"Bristol CC v Lovell" CA 30 July 1996. An appeal by the local authority that a claim for possession should have been heard before an injunction to enforce a right to buy, is dismissed. | ||
| 650 | _aBREACH OF COVENANT | ||
| 650 | _aBRISTOL CITY COUNCIL V LOVELL | ||
| 650 | _aHOUSING ACT 1985 S122 | ||
| 650 | _aPOSSESSION | ||
| 650 | _aRIGHT TO BUY | ||
| 690 | _aLANDLORD AND TENANT-CASE LAW-LEASEHOLD REFORM | ||
| 942 | _n0 | ||
| 948 | _c04/03/1997 | ||
| 999 |
_c43803 _d43803 |
||